000 00399nam a22001697a 4500
005 20250521102725.0
008 160701b xxu||||| |||| 00| 0 eng d
020 _a978-93-80027-66-1
041 _aeng
082 _b621.402
100 _aKumar, Dr. D S
245 _aTHERMODYNAMICS
260 _bS.K. Kataria & Sons
_c2011
300 _a478;P
650 _aDiploma Engineering
_9817
942 _cBK
999 _c4983
_d4981